Can’t Remember To Forget You - Shakira Feat. Rihanna - All Lyrics - Statistics

General Stats
  • This quiz has been taken 284 times
  • The average score is 320 of 395
Answer Stats
Answer % Correct
I
100%
a
98%
for
96%
oh,
96%
(Oh)
96%
Oh-oh,
96%
oh-oh,
96%
Ooh,
96%
ooh
96%
ooh-ooh,
96%
to
96%
whoa,
96%
whoa
96%
can't
95%
you
95%
You
95%
forget
94%
me
94%
remember
94%
the
94%
The
94%
in
92%
on
92%
when
90%
memory
88%
only
88%
is
87%
moonlight
87%
go
86%
go,
86%
kissing
86%
at
85%
look
85%
do
84%
us
83%
yeah,
81%
And
78%
and
78%
But
77%
that
77%
so
75%
So
75%
boy
74%
let
74%
anything
72%
keep
71%
mistakes
71%
he
70%
He
70%
my
70%
yesterday’s
70%
it
69%
of
69%
we
68%
feel,
67%
feel
67%
follow,
67%
follow
67%
make
66%
not
65%
where
65%
repeat
64%
should
64%
I’ll
63%
What
62%
with
62%
comes
61%
I'm
61%
see
61%
way
61%
I’d
59%
never
59%
good,
58%
here
58%
him
58%
kill
58%
again,
57%
hold
57%
now,
57%
back
56%
forgetting
56%
You’re
56%
you're
56%
rob
55%
say
55%
bed,
54%
stupid,
53%
part
52%
tryna
51%
different,
50%
makes
50%
give
49%
selective
49%
last
48%
like,
48%
tonight
48%
fall
47%
got
46%
off
45%
his
44%
left
44%
train
44%
note
43%
goes,
42%
someone
41%
met
38%
act
37%
bedpost
36%
Land
30%
dime
29%
Saying
25%
seemed
25%
tend
21%
No matching quizzes found
Score Distribution
Percent of People with Each Score
Percentile by Number Answered
Your Score History
You have not taken this quiz